000 00298nam a22001337a 4500
008 171102b xxu||||| |||| 00| 0 eng d
020 _a9780072865967
041 _aeng
080 _26 ED
_a339.138
100 _a60
101 _aMAR
245 _aMARKETING PLANNING
_cWINER.R.S
942 _2udc
_cBK
999 _c37281
_d37281